| 000 | 00750nam a2200241Ia 4500 | ||
|---|---|---|---|
| 003 | OSt | ||
| 005 | 20220926022845.0 | ||
| 006 | a|||||r|||| 00| 0 | ||
| 007 | ta | ||
| 008 | 220923b |||||||| |||| 00| 0 eng d | ||
| 020 |
_a0393976785 _c845.75 |
||
| 037 |
_b09-10/043, 26/03/2009, INDEPENDENT PUBLISHERS GROUP _cGeneral Book |
||
| 040 |
_aRTL _cRTL _beng |
||
| 041 |
_2eng _aeng |
||
| 082 | _aX: 710b8, P4 | ||
| 100 |
_aKreps David M _9256259 |
||
| 245 | 0 | _aMicroeconomics for managers | |
| 260 |
_aNew York _bW W Norton _c2004 |
||
| 300 |
_axviii, 652p. _ccm. |
||
| 650 | _aEconomics | ||
| 942 |
_hX: 710b8, P4 _cGB _2CC |
||
| 999 |
_c640449 _d640449 |
||